000 00707nam a2200229 a 4500
005 20240924071226.0
008 080303s2005 mx r 000 0 spa d
020 _a9706415904 (10 dígitos)
020 _a9789706415905 (13 dígitos)
035 _aUPN01000154665
049 _aI
050 4 _aPZ71.1
_bG3.7
100 1 _aGargallo, Francesca,
_d1956-
_935168
245 1 3 _aEl ruido de la música /
_cFrancesca Gargallo ; il. de Efrén Santos.
260 _aMéxico :
_bProgreso,
_cc2005.
300 _a35 p. :
_bil. col.
440 0 _aRehilete.
_vPara los que se inician en la lectura
650 2 _aRuido
_99256
650 4 _aSONIDOS
_95167
650 4 _aLiteratura infantil
_94445
905 _aInfantil
999 _c126782
_d126782